00580nam a2200145Ia 4500008004100000024004800041082001900089100004800108245006900156260002600225600002100251650003800272856010700310999001700417260210s9999 xx 000 0 und d a15B-075-BS, 15B-077-BS & 15B-101-BS a005.199072 UZA aS.M. Uzair, Faizan Abbasi & Areeb Iqbal 0aImage Detection with Real Time Object Classification (CODE BOOK) aKarachi:bUITU,c2015 aComputer Science aBachelor of Computer Science (BS) uhttps://drive.google.com/file/d/19iPa1VJrRw0phxHqYbgNCbCP9gWwGyYQ/view?usp=sharingyClick here for PDF c32331d32331